| 000 | 00501nam a22001937a 4500 | ||
|---|---|---|---|
| 003 | OSt | ||
| 005 | 20140310182840.0 | ||
| 008 | 130608t xxu||||| |||| 00| 0 eng d | ||
| 050 |
_aBS 652 _b.Se455 1975 |
||
| 082 |
_aM 813.54 _bSe3 1975 |
||
| 245 |
_aThe great dinosaur mistake _cSegraves, Kelly L. |
||
| 260 |
_aSan Diego, Calif. _bBeta Books _cc1975 |
||
| 300 |
_a93 p. _c18 cm. |
||
| 521 | _aCollege students | ||
| 526 | _c1210L-1700L | ||
| 541 | _j1 | ||
| 562 | _e1 | ||
| 942 |
_2lcc _cBK _kM |
||
| 999 |
_c16838 _d16838 |
||